Metro do Porto Stations (With Map) - Statistics

General Stats
  • This quiz has been taken 23 times
  • The average score is 37 of 85
Answers on the Map
Answers color-coded by a green-red scale on the quiz's map according to % correct below.
 
Answer Stats
Answer % Correct
Campanhã
95%
Estádio do Dragão
89%
Bolhão
84%
Casa da Música
84%
São Bento
84%
Trindade
84%
Aeroporto
79%
Aliados
79%
Heroísmo
74%
Jardim do Morro
68%
Lapa
68%
Póvoa de Varzim
68%
Senhora da Hora
68%
Vila do Conde
68%
Carolina Michaelis
63%
NorteShopping / Sete Bicas
63%
Fânzeres
58%
Francos
58%
Hospital São João
58%
ISMAI
58%
Marquês
58%
Ramalde
58%
Senhor de Matosinhos
58%
Via Rápida / Viso
58%
Vila d'Este
58%
Árvore
53%
IPO
53%
Rio Tinto
53%
Câmara de Gaia
47%
Campo 24 de Agosto
47%
Contumil
47%
Faria Guimarães
47%
João de Deus
47%
Matosinhos Sul
47%
Santo Ovídio
47%
VC Fashion Outlet / Modivas
47%
Combatentes
42%
D. João II
42%
Estádio do Mar
42%
Fórum Maia
42%
General Torres
42%
Câmara Matosinhos
37%
Campainha
37%
Fonte do Cuco
37%
Levada
37%
Mercado
37%
Modivas Sul
37%
Nasoni
37%
Pólo Universitário
37%
Salgueiros
37%
Azurara
32%
Botica
32%
Hospital Santos Silva
32%
Modivas Centro
32%
Nau Vitória
32%
Pedro Hispano
32%
Santa Clara
32%
Vasco da Gama
32%
Venda Nova
32%
Alto de Pega
26%
Baguim
26%
Carreira
26%
Custóias
26%
Esposade
26%
Manuel Leão
26%
Mindelo
26%
Parque Maia
26%
Portas Fronhas
26%
São Brás
26%
Varziela
26%
Verdes
26%
Araújo
21%
Brito Capelo
21%
Castêlo da Maia
21%
Espaço Natureza
21%
Parque de Real
21%
Pedras Rubras
21%
Pias
21%
Cândido dos Reis
16%
Crestins
16%
Custió
16%
Lidador
16%
Zona Industrial
16%
Mandim
11%
Vilar de Pinheiro
11%
No matching quizzes found
Score Distribution
Percent of People with Each Score
Percentile by Number Answered
Your Score History
You have not taken this quiz